Wayleaves compensation scales revised (Record no. 75066)
[ view plain ]
| 000 -LEADER | |
|---|---|
| fixed length control field | 01390cab a2200193 4500 |
| 001 - CONTROL NUMBER | |
| control field | L129324 |
| 008 - FIXED-LENGTH DATA ELEMENTS--GENERAL INFORMATION | |
| fixed length control field | 050412n2005 000 0 eng u |
| 035 ## - SYSTEM CONTROL NUMBER | |
| System control number | (Sirsi) u129324 |
| 041 ## - LANGUAGE CODE | |
| Language code of text/sound track or separate title | eng |
| 110 ## - MAIN ENTRY--CORPORATE NAME | |
| Corporate name or jurisdiction name as entry element | Energy Networks Association |
| 9 (RLIN) | 4684 |
| 245 ## - TITLE STATEMENT | |
| Title | Wayleaves compensation scales revised |
| 260 ## - PUBLICATION, DISTRIBUTION, ETC. | |
| Date of publication, distribution, etc. | 2005 |
| 490 ## - SERIES STATEMENT | |
| Series statement | Energy Networks Association Press Release |
| 520 ## - SUMMARY, ETC. | |
| Summary, etc. | New wayleave compensation scales have been recommended to compensate landowners for the presence of electricity companies' apparatus on their land. Wayleave compensation comprises two elements divided between landowners and occupiers (owner-occupiers receive both). The recommendation as to the revised scales payable to landowners is effective from 1 April 2005 until 31 March 2009. Farmers do not need to apply to their electricity company for the increases. The occupiers' payment scales will continue at existing levels pending the outcome of continuing research by ADAS and discussions between electricity companies and the Country Land and Business Association, National Farmers Union and the Farmers Union of Wales. Includes the schedule of new rates. |
| 590 ## - LOCAL NOTE (RLIN) | |
| Local note | IKA150405 |
| 690 ## - LOCAL SUBJECT ADDED ENTRY--TOPICAL TERM (OCLC, RLIN) | |
| Topical term or geographic name as entry element | PROPERTY-PROPERTY MANAGEMENT-EASEMENTS-WAYLEAVES |
| 856 ## - ELECTRONIC LOCATION AND ACCESS | |
| Uniform Resource Identifier | <a href="https://www.energynetworks.org/ena_index/enaindex_default.asp">https://www.energynetworks.org/ena_index/enaindex_default.asp</a> |
| Public note | View the press release free of charge at www.energyworks.org... |
| 942 ## - ADDED ENTRY ELEMENTS (KOHA) | |
| Suppress in OPAC | 0 |
| Withdrawn status | Lost status | Source of classification or shelving scheme | Damaged status | Not for loan | Home library | Current library | Shelving location | Date acquired | Total Checkouts | Full call number | Barcode | Date last seen | Copy number | Price effective from | Koha item type |
|---|---|---|---|---|---|---|---|---|---|---|---|---|---|---|---|
| Dewey Decimal Classification | Virtual | Virtual | Online | 14/04/2005 | L129324 | 129324-2001 | 06/08/2019 | 1 | 06/08/2019 | Journal article |